| 000 | 01240cam a22003497a 4500 | ||
|---|---|---|---|
| 003 | CHAP | ||
| 005 | 20220329142518.0 | ||
| 008 | 010822d1996 mx ad r 00110 spa d | ||
| 010 | _a84503 | ||
| 011 | _a85475 | ||
| 035 | _a96008 | ||
| 040 | _cCHAP | ||
| 090 | _aFolleto 16313 | ||
| 110 | 2 |
_aColegio Superior Agropecuario del Estado de Guerrero _925112 |
|
| 245 | 1 | 0 |
_aDemostración agropecuaria 1996 _c/por Colegio Superior Agropecuario del Estado de Guerrero |
| 260 |
_aIguala, Gro. : _bColegio Superior Agropecuario del Estado de Guerrero, _c1996 |
||
| 300 |
_a64 p. _bilus. ; cuadros |
||
| 490 | 0 | _aBoletín técnico | |
| 590 |
_aBATCH-UPD _b10 _c20130110 _lUCH01 _h1918 |
||
| 590 |
_aBATCH-UPD _b10 _c20130410 _lUCH01 _h1244 |
||
| 590 |
_aBATCH-UPD _b10 _c20130914 _lUCH01 _h0654 |
||
| 590 |
_aBATCH-UPD _b10 _c20130914 _lUCH01 _h2134 |
||
| 590 |
_aBATCH-UPD _b10 _c20140805 _lUCH01 _h1148 |
||
| 590 |
_aCONVERSION _b10 _c20130109 _lUCH01 _h1347 |
||
| 650 | 1 | 4 |
_aAgricultura _xInnovaciones tecnológicas. _91565 |
| 650 | 1 | 4 |
_aAgricultura _xInvestigación. _91577 |
| 830 | 0 |
_aBoletín técnico _913560 |
|
| 901 | _aBK | ||
| 905 | _aMarco A. Mendoza T. | ||
| 942 | _cFOLL | ||
| 949 |
_aFolleto 16313 _bBC _cFOLL _d33724002016223 _eTS1 _i96008 _sb |
||
| 999 |
_c84503 _d84503 |
||